Didáctica de la Filosofía (Record no. 138708)

MARC details
000 -LEADER
campo de control de longitud fija 00687nam a2200205 4500
001 - NÚMERO DE CONTROL
campo de control 138708
003 - IDENTIFICADOR DE NÚMERO DE CONTROL
campo de control ES-MaACL
005 - FECHA Y HORA DE LA ÚLTIMA TRANSACCIÓN
campo de control 20250828114219.0
007 - CAMPO FIJO DE DESCRIPCIÓN FÍSICA--INFORMACIÓN GENERAL
campo de control de longitud fija t|
008 - DATOS DE LONGITUD FIJA--INFORMACIÓN GENERAL
campo de control de longitud fija 070214s1984 sp r ||||1| spa d
100 1# - ENTRADA PRINCIPAL--NOMBRE DE PERSONA
Nombre de persona Santiuste, Víctor.
9 (RLIN) 103435
245 10 - MENCIÓN DEL TÍTULO
Título Didáctica de la Filosofía
Resto del título : teoría, métodos, prógramas, evaluación /
Mención de responsabilidad, etc. Víctor Santiuste, Francisco Gómez de Velasco.
260 ## - PUBLICACIÓN, DISTRIBUCIÓN, ETC.
Lugar de publicación, distribución, etc. Madrid :
Nombre del editor, distribuidor, etc. Narcea,
Fecha de publicación, distribución, etc. 1984.
300 ## - DESCRIPCIÓN FÍSICA
Extensión 190 p. ;
Dimensiones 22 cm.
490 1# - MENCIÓN DE SERIE
Mención de serie Educación hoy
700 1# - ENTRADA AGREGADA--NOMBRE PERSONAL
Nombre de persona Gómez de Velasco, Francisco.
9 (RLIN) 57926
830 00 - PUNTO DE ACCESO ADICIONAL DE SERIE-TÍTULO UNIFORME
Título uniforme Colección educación hoy (Narcea)
9 (RLIN) 220320
852 ## - LOCALIZACIÓN
Ubicación ES-MaACL
Número de control de estantería L-11044
Sublocalización o colección R.112779
Holdings
Estatus retirado Estado de pérdida Estado de daño No para préstamo Biblioteca de origen Biblioteca actual Ubicación en estantería Fecha de adquisición Fuente de adquisición Total de préstamos Signatura topográfica completa Código de barras Visto por última vez Precio de reemplazo Tipo de ítem Koha
        Biblioteca del Ateneo de Madrid Biblioteca del Ateneo de Madrid Depósito 2 17/01/2008     L-11044 1144338 23/02/2023 23/02/2023 Libro impreso